000 00305nam a2200121Ia 4500
008 190216s9999||||xx |||||||||||||| ||und||
100 _aMathew Km
245 0 _a"Manorama Year Book 1995,1996,1997,1998,1999"
260 _bManorama Publishing House
300 _a640
650 _aReferences
942 _cREF
999 _c36218
_d36218